<?xml version="1.0" encoding="UTF-8"?>
<collection xmlns="http://www.loc.gov/MARC21/slim">
 <record>
  <leader>01304nam a22002177a 4500</leader>
  <controlfield tag="001">NCT_64083</controlfield>
  <controlfield tag="008">190510b        xxu||||| |||| 00| 0 vie d</controlfield>
  <datafield tag="999" ind1=" " ind2=" ">
   <subfield code="c">3100</subfield>
   <subfield code="d">3100</subfield>
  </datafield>
  <datafield tag="020" ind1=" " ind2=" ">
   <subfield code="a">9786048006594</subfield>
   <subfield code="c">149000</subfield>
  </datafield>
  <datafield tag="082" ind1="0" ind2="4">
   <subfield code="2">23rd ed.</subfield>
   <subfield code="a">158.1</subfield>
   <subfield code="b">G234</subfield>
  </datafield>
  <datafield tag="100" ind1="1" ind2=" ">
   <subfield code="a">Garn, Roy</subfield>
  </datafield>
  <datafield tag="245" ind1="1" ind2="0">
   <subfield code="a">Tử huyệt cảm xúc </subfield>
   <subfield code="c">Roy Garn ; Phan Khánh Nguyễn Đan (dịch)</subfield>
  </datafield>
  <datafield tag="260" ind1=" " ind2=" ">
   <subfield code="a">H.</subfield>
   <subfield code="b">Thông tin và Truyền thông</subfield>
   <subfield code="c">2017</subfield>
  </datafield>
  <datafield tag="300" ind1=" " ind2=" ">
   <subfield code="a">384 tr.</subfield>
   <subfield code="c">24cm</subfield>
  </datafield>
  <datafield tag="520" ind1="3" ind2=" ">
   <subfield code="a">Sách chứa đựng hàng trăm ví dụ từ cuộc sống hằng ngày của chính chúng ta, để chứng minh cho chúng ta thấy tầm quan trọng của sự thôi miên cảm xúc cũng như hiệu quả vô song của kỹ thuật này trong việc đạt được những kết quả bạn mong muốn.</subfield>
  </datafield>
  <datafield tag="653" ind1=" " ind2=" ">
   <subfield code="a">Sách tham khảo</subfield>
  </datafield>
  <datafield tag="700" ind1="1" ind2=" ">
   <subfield code="a">Phan Khánh Nguyễn Đan </subfield>
   <subfield code="e">Dịch giả</subfield>
  </datafield>
  <datafield tag="942" ind1=" " ind2=" ">
   <subfield code="2">ddc</subfield>
   <subfield code="c">BK</subfield>
  </datafield>
  <datafield tag="952" ind1=" " ind2=" ">
   <subfield code="0">0</subfield>
   <subfield code="1">0</subfield>
   <subfield code="2">ddc</subfield>
   <subfield code="4">0</subfield>
   <subfield code="6">158_100000000000000_G234</subfield>
   <subfield code="7">0</subfield>
   <subfield code="9">16820</subfield>
   <subfield code="a">000001</subfield>
   <subfield code="b">000001</subfield>
   <subfield code="d">2019-05-10</subfield>
   <subfield code="o">158.1 G234</subfield>
   <subfield code="p">TK.01415</subfield>
   <subfield code="r">2019-05-10</subfield>
   <subfield code="v">149000.00</subfield>
   <subfield code="w">2019-05-10</subfield>
   <subfield code="y">BK</subfield>
  </datafield>
  <datafield tag="952" ind1=" " ind2=" ">
   <subfield code="0">0</subfield>
   <subfield code="1">0</subfield>
   <subfield code="2">ddc</subfield>
   <subfield code="4">0</subfield>
   <subfield code="6">158_100000000000000_G234</subfield>
   <subfield code="7">0</subfield>
   <subfield code="9">16821</subfield>
   <subfield code="a">000001</subfield>
   <subfield code="b">000001</subfield>
   <subfield code="d">2019-05-10</subfield>
   <subfield code="o">158.1 G234</subfield>
   <subfield code="p">TK.01416</subfield>
   <subfield code="r">2019-05-10</subfield>
   <subfield code="v">149000.00</subfield>
   <subfield code="w">2019-05-10</subfield>
   <subfield code="y">BK</subfield>
  </datafield>
  <datafield tag="980" ind1=" " ind2=" ">
   <subfield code="a">Thư viện Trường Đại học Nam Cần Thơ</subfield>
  </datafield>
 </record>
</collection>
